| 000 | 00382cam a22001337a 4500 | ||
|---|---|---|---|
| 008 | 180718b1951 xxu||||| |||| 00| 0 eng d | ||
| 082 | _aA75 T151M | ||
| 245 |
_aMadras district gazetteers: Malabar _cby C.A. Innes and F.B. Evans |
||
| 260 |
_aMadras _bDistrict Gazetteers _c1951 |
||
| 300 | _a555p. | ||
| 650 | _aMalabar - Gazetteers | ||
| 700 | _aEvans, F.B. | ||
| 700 | _aInnes, C.A. | ||
| 999 |
_c387876 _d387876 |
||